LEADER 00989nam a2200229 i 4500 001 000000153931 003 CaOOAMICUS 005 20061005000000.0 008 061005s1956 it u000 u ita u 013 $a131277 040 $aSeMil$bita 100 1 $aBargellini, Piero,$d<1897-1980>.$0(OLS)http://semarc/name/926 245 13$aLe opere di misericordia /$ctesto di Piero Bargellini ; tavole di Enrico Manfrini. 260 $a[Italia] :$bGalleria d'Arte Sacra dei Contemporanei,$cstampa 1956. 300 $a[68] p. :$bill. ;$c32 cm. 490 0 $aQuaderni d'arte sacra 700 1 $aManfrini, Enrico.$0(OLS)http://semarc/name/43775 830 0$aQuaderni d'arte sacra.$0(OLS)http://semarc/title/21845 850 $aSeMil 852 $aSeMil$W1$xVenegono$y1$m5N IX 32$j105814$B105814$CSeMilBibl$Z2$F115009 $8I 996 $6245$aLe opere di misericordia$9(OLS)http://semarc/title/186453 996 $6260$a[Italia] :$bGalleria d'Arte Sacra dei Contemporanei$9(OLS)http://semarc/publisher/32951 LEADER 01080nam a2200229 i 4500 001 000000112060 003 CaOOAMICUS 005 20230316113533.0 008 030206s2002 it u000 u ita u 020 $a88-02-05915-2 040 $aSeMil$bita 245 00$a1: Candelaio ; La cena de le Ceneri ; De la causa ; Principio et uno. 264 1$aTorino :$bUnione Tipografico-Editrice Torinese,$c2002. 300 $a752 p., [9] c. di tav. :$bgrafici. 773 0 $aBruno, Giordano <1548-1600>$tOpere italiane.$dTorino : Unione Tipografico-Editrice Torinese, 2002.$kClassici Italiani $gVolume1$w()8527 850 $aSeMil 852 $aSeMil$W1$xVenegono$y1$m1G I 22$j238565$B67849$CSeMilBibl$Z2$F73957 $81 961 $aSottoscrizione: UTET (Agente) 996 $6020$a88-02-05915-2$9(OLS)http://semarc/number/94503 996 $6245$a1: Candelaio ; La cena de le Ceneri ; De la causa ; Principio et uno$9(OLS)http://semarc/title/163294 996 $6264$aTorino :$bUnione Tipografico-Editrice Torinese$9(OLS)http://semarc/publisher/29628